[Event "TUR-chT2"]
[Site "Konya"]
[Date "2018.07.14"]
[Round "8.14"]
[White "Sen, Nehir"]
[Black "Kavilcioglu, Efe Eren"]
[Result "1-0"]
[WhiteElo "1241"]
[BlackElo "1357"]
[PlyCount "105"]
[EventDate "2018.07.10"]
[EventType "team-swiss"]
[EventRounds "9"]
[EventCountry "TUR"]
[SourceTitle "EXT 2019"]
[Source "ChessBase"]
[SourceDate "2018.10.10"]
[SourceVersion "1"]
[SourceVersionDate "2018.10.10"]
[SourceQuality "1"]
[WhiteTeam "Antalya Deniz Genclik"]
[BlackTeam "Istanbul Kartal Belediye"]
[WhiteTeamCountry "TUR"]
[BlackTeamCountry "TUR"]

1. d4 Nf6 2. Nf3 e6 3. Bg5 c5 4. e3 d5 5. c3 h6 6. Bh4 Nbd7 7. Bd3 c4 8. Bc2 Qb6 9. Qc1 Bd6 10. Nbd2 g5 11. Bg3 Ke7 12. Ne5 Nh5 13. f4 Bxe5 14. fxe5 Nxg3 15. hxg3 g4 16. e4 Nf8 17. Rb1 Bd7 18. Nf1 dxe4 19. Bxe4 Bc6 20. Nd2 h5 21. Nxc4 Qa6 22. Qg5+ Kd7 23. Bxc6+ Qxc6 24. Ne3 Ng6 25. Kd2 Rag8 26. Rxh5 f6 27. exf6 Nf4 28. Rxh8 Rxg5 29. gxf4 Rg6 30. f7 Rf6 31. f8Q Rxf8 32. Rxf8 Ke7 33. Rg8 Qa6 34. a3 Kf7 35. Rxg4 Qb5 36. Rg5 Qc6 37. Re5 Qb6 38. Kc2 Qa6 39. Re1 Qa4+ 40. Kb1 Qa6 41. Nc2 Qd3 42. Rxe6 Qg3 43. Re7+ Kg8 44. Rxb7 Kf8 45. Ree7 Qxg2 46. Rec7 Qh1+ 47. Ka2 Qd5+ 48. b3 Qd8 49. Rf7+ Kg8 50. Rg7+ Kf8 51. Rbf7+ Ke8 52. Rg8+ Kxf7 53. Rxd8 1-0